Erosion condition classification system /

Bibliographic Details
Main Author: Clark, Ronnie D.
Corporate Author: United States. Bureau of Land Management. Denver Service Center
Format: Government Document Book
Language:English
Published: Denver, Colo. : Bureau of Land Management, U.S. Dept. of the Interior, [1980]
Series:Technical note (United States. Bureau of Land Management) ; 346.
Subjects:

MARC

Tag First Indicator Second Indicator Subfields
LEADER 00000cam a2200000 a 4500
001 in00000831718
005 20151018124118.0
008 810420s1980 coua b f00010 eng d
010 |a gp 82019491  
035 |a (OCoLC)07357875 
035 |9 ADX7254AM 
040 |a CUZ  |c CUZ  |d GPO  |d UtOrBLW 
043 |a n-us--- 
074 |a 629-E-1 
086 0 |a I 53.20:346 
090 |a S624.A1  |b C55 
100 1 |a Clark, Ronnie D. 
245 1 0 |a Erosion condition classification system /  |c by Ronnie D. Clark. 
264 1 |a Denver, Colo. :  |b Bureau of Land Management, U.S. Dept. of the Interior,  |c [1980] 
300 |a iv, 47 pages :  |b illustrations ;  |c 27 cm. 
336 |a text  |b txt  |2 rdacontent 
337 |a unmediated  |b n  |2 rdamedia 
338 |a volume  |b nc  |2 rdacarrier 
490 1 |a Technical note / U.S. Department of the Interior-Bureau of Land Management,  |v 346 
500 |a "Denver Service Center." 
500 |a "October 1980"--Cover. 
504 |a Bibliography: page 47. 
650 0 |a Soil erosion  |z United States  |x Classification. 
710 1 |a United States.  |b Bureau of Land Management.  |b Denver Service Center. 
830 0 |a Technical note (United States. Bureau of Land Management) ;  |v 346. 
999 |a MARS 
999 f f |s 7d511be0-2bf8-36e7-910f-e625f8b8c130  |i cd39d0f6-5991-3ec2-9767-1f6e81801a6f  |t 0 
952 f f |p normal  |a Texas A&M University  |b College Station  |c Sterling C. Evans Library  |d Evans: US Documents (Annex 5th floor)  |t 0  |e I 53.20:346  |h Superintendent of Documents classification  |i unmediated -- volume  |m A14838319244 
998 f f |a I 53.20:346  |t 0  |l Evans: US Documents (Annex 5th floor)